| 000 | 00558nam a22001697a 4500 | ||
|---|---|---|---|
| 020 | _a007002121X | ||
| 082 | _a621.3815324 ANT | ||
| 100 | _aAntoniou, Andreas | ||
| 245 | _aDigital filters : analysis, design, and applications | ||
| 250 | _a2nd ed. | ||
| 260 |
_aNew York _bMcGraw-Hill _c1993 |
||
| 300 |
_axxvi, 689 p. _bill. ; |
||
| 490 | _aMcGraw-Hill series in electrical and computer engineering. Communications and signal processing | ||
| 500 | _aIncludes bibliographical references and index. | ||
| 650 | _aElectric filters, Digital. | ||
| 942 | _cBK | ||
| 999 |
_c12525 _d12525 |
||